000 00721cab a2200241 4500
001 WB3220-52
008 090401t1996 xxu||||| |||| 00| 0 eng d
035 _a(Sirsi) u8431
041 _aeng
245 _aCalls for A3 uses change
260 _c1996
350 _a0
490 _aPlanning Week
_v4(20) 16 May 1996, 4(1)
520 _aThe National Planning Forum has called for the A3 Use Classes Order to be split into three sections to give greater control over restaurants becoming take-away outlets.
650 _aA3 USE CLASS
650 _aCHANGE OF USE
650 _aPUBS
650 _aRESTAURANTS
650 _aUSE CLASSES
690 _aPLANNING LAW AND PRACTICE
942 _n0
948 _c04/03/1997
999 _c5194
_d5194